[Event "Abe Yanofsky mem"]
[Site "Winnipeg CAN"]
[Date "2003.08.31"]
[Round "5"]
[White "Cleto, Sam"]
[Black "Boehmer, Kris"]
[Result "0-1"]
[WhiteElo "1876"]
[BlackElo "2172"]
[PlyCount "80"]
[EventDate "2003.08.29"]
[EventType "swiss"]
[EventRounds "6"]
[EventCountry "CAN"]

1. d4 d5 2. c4 c6 3. Nf3 Nf6 4. Nc3 a6 5. e3 b5 6. b3 Bg4 7. Be2 e6 8. O-O Bb4
9. Bb2 O-O 10. Ne5 Bxe2 11. Qxe2 Qd6 12. c5 Qc7 13. Nb1 Qb7 14. a3 Ba5 15. b4
Bc7 16. f4 Ne4 17. Nd2 Nxd2 18. Qxd2 f6 19. Nf3 Nd7 20. Qe1 f5 21. Ng5 Rae8 22.
Qh4 h6 23. Nf3 Nf6 24. Bc3 Ne4 25. Qe1 Ra8 26. Qc1 Ra7 27. Be1 a5 28. bxa5 Bxa5
29. Bxa5 Rxa5 30. Qe1 Rfa8 31. Qh4 Nf6 32. Ne5 Rxa3 33. Rxa3 Rxa3 34. Qe1 Ne4
35. Qb4 Ra4 36. Qb2 Qa6 37. g4 b4 38. gxf5 Ra2 39. Qxb4 Qe2 40. Nf3 Qg2# 0-1

[Event "Abe Yanofsky mem"]
[Site "Winnipeg CAN"]
[Date "2003.08.31"]
[Round "5"]
[White "Deiseach, Donald"]
[Black "Eschbach, Ralph"]
[Result "0-1"]
[WhiteElo "2122"]
[BlackElo "1861"]
[PlyCount "98"]
[EventDate "2003.08.29"]
[EventType "swiss"]
[EventRounds "6"]
[EventCountry "CAN"]

1. e4 e5 2. Nf3 Nf6 3. Nxe5 d6 4. Nf3 Nxe4 5. d4 d5 6. Be2 Nc6 7. O-O Be7 8. c4
O-O 9. cxd5 Nb4 10. Nc3 Nxc3 11. bxc3 Nxd5 12. Bb2 Bg4 13. Ne5 Bxe2 14. Qxe2
Bd6 15. Qf3 c6 16. c4 Nc7 17. Rfe1 Ne6 18. Rad1 Qh4 19. Re4 Qe7 20. Qe2 Ng5 21.
Re3 Qc7 22. d5 f6 23. Nf3 Nxf3+ 24. Qxf3 cxd5 25. Qxd5+ Kh8 26. Red3 Bxh2+ 27.
Kh1 Be5 28. Ba3 Rfe8 29. Qb5 Rad8 30. Rd7 Rxd7 31. Rxd7 Rd8 32. Rxd8+ Qxd8 33.
Qd5 Qb6 34. Bb4 h6 35. a3 Qxf2 36. Qd8+ Kh7 37. Qd3+ f5 38. Bd2 Bd4 39. Kh2
Qh4+ 40. Qh3 Qxh3+ 41. Kxh3 g5 42. Kg3 Kg6 43. Kf3 h5 44. Bb4 h4 45. Bd6 Bg1
46. Ke2 g4 47. Kf1 Bd4 48. Bf4 Kf6 49. Ke2 Be5 0-1

[Event "Abe Yanofsky mem"]
[Site "Winnipeg CAN"]
[Date "2003.08.31"]
[Round "5"]
[White "Drake, Jason"]
[Black "Vincent, Trevor"]
[Result "1-0"]
[WhiteElo "2205"]
[BlackElo "2044"]
[PlyCount "35"]
[EventDate "2003.08.29"]
[EventType "swiss"]
[EventRounds "6"]
[EventCountry "CAN"]

1. e4 c5 2. c3 Nf6 3. e5 Nd5 4. d4 cxd4 5. Nf3 Nc6 6. Bc4 Nb6 7. Bb3 d6 8. exd6
Qxd6 9. O-O g6 10. cxd4 Bg7 11. d5 Nb4 12. Nc3 O-O 13. Bg5 Bf5 14. Re1 Rfe8 15.
Nd4 Bd7 16. Ne4 Qb8 17. d6 exd6 18. Qf3 1-0

[Event "Abe Yanofsky mem"]
[Site "Winnipeg CAN"]
[Date "2003.08.31"]
[Round "5"]
[White "Greenberg, Harley"]
[Black "Gustafson, Dale"]
[Result "1-0"]
[WhiteElo "1851"]
[BlackElo "2040"]
[PlyCount "67"]
[EventDate "2003.08.29"]
[EventType "swiss"]
[EventRounds "6"]
[EventCountry "CAN"]

1. d4 Nf6 2. Nf3 e6 3. c4 Bb4+ 4. Bd2 Qe7 5. g3 Ne4 6. Bg2 Nxd2 7. Nfxd2 c6 8.
O-O Ba5 9. e4 O-O 10. Nc3 Bxc3 11. bxc3 d6 12. f4 Nd7 13. e5 d5 14. a4 b6 15.
cxd5 cxd5 16. Qg4 f5 17. exf6 Nxf6 18. Qe2 Qd6 19. Rfe1 Bd7 20. Bh3 Rfe8 21.
Nf3 Ne4 22. Qe3 Rac8 23. Rec1 Rc4 24. Ne5 Rxa4 25. Rxa4 Bxa4 26. Ra1 b5 27. c4
Qb4 28. c5 Qb2 29. Rc1 Bc2 30. c6 Kf8 31. f5 exf5 32. Bxf5 g6 33. Bh3 Nd6 34.
Qf2+ 1-0

[Event "Abe Yanofsky mem"]
[Site "Winnipeg CAN"]
[Date "2003.08.31"]
[Round "5"]
[White "Hellsten, Ole"]
[Black "Penner, Wesley"]
[Result "1/2-1/2"]
[WhiteElo "2006"]
[BlackElo "1749"]
[PlyCount "51"]
[EventDate "2003.08.29"]
[EventType "swiss"]
[EventRounds "6"]
[EventCountry "CAN"]

1. d4 c5 2. e3 cxd4 3. exd4 Nf6 4. Nf3 e6 5. Bd3 d5 6. O-O Be7 7. Bg5 Nbd7 8.
Qe2 O-O 9. Nbd2 a6 10. c3 b5 11. a3 Ne8 12. Bxe7 Qxe7 13. Rfe1 Nd6 14. a4 bxa4
15. Rxa4 Nb6 16. Ra2 Qb7 17. Rea1 Nbc4 18. Nxc4 dxc4 19. Bxc4 Nxc4 20. Qxc4 Bd7
21. Ne5 Rfc8 22. Qe2 Be8 23. h3 Rcb8 24. Kh2 f6 25. Nf3 a5 26. Rxa5 1/2-1/2

[Event "Abe Yanofsky mem"]
[Site "Winnipeg CAN"]
[Date "2003.08.31"]
[Round "5"]
[White "Hildebrandt, Peter"]
[Black "Prystenski, Arthur"]
[Result "0-1"]
[WhiteElo "1538"]
[BlackElo "2225"]
[PlyCount "48"]
[EventDate "2003.08.29"]
[EventType "swiss"]
[EventRounds "6"]
[EventCountry "CAN"]

1. e4 e6 2. d4 d5 3. e5 c5 4. c3 Nc6 5. Nf3 Qb6 6. Be2 Nh6 7. b3 cxd4 8. cxd4
Bb4+ 9. Kf1 Nf5 10. Bb2 h5 11. h3 Bd7 12. g3 g5 13. Kg2 Be7 14. g4 hxg4 15.
hxg4 Rxh1 16. Kxh1 Nh6 17. Nh2 O-O-O 18. a3 f6 19. Qd3 fxe5 20. dxe5 Nf7 21.
Qg3 Bc5 22. Kg2 Bd4 23. Bxd4 Qxd4 24. Ra2 Qe4+ 0-1

[Event "Abe Yanofsky mem"]
[Site "Winnipeg CAN"]
[Date "2003.08.31"]
[Round "5"]
[White "Hinds, Ronald"]
[Black "Regimbald, Adrien"]
[Result "0-1"]
[WhiteElo "1988"]
[BlackElo "1847"]
[PlyCount "46"]
[EventDate "2003.08.29"]
[EventType "swiss"]
[EventRounds "6"]
[EventCountry "CAN"]

1. e4 e6 2. d4 d5 3. Nd2 Nf6 4. e5 Nfd7 5. Bd3 c5 6. c3 Nc6 7. Ngf3 Qb6 8. O-O
cxd4 9. cxd4 Nxd4 10. Nxd4 Qxd4 11. Nf3 Qb6 12. Qa4 a6 13. Qg4 h5 14. Qg3 Qb4
15. h3 h4 16. Qg5 g6 17. Bxg6 Be7 18. Bxf7+ Kxf7 19. Qe3 Qe4 20. Qc3 Qc4 21.
Qe3 Qe4 22. Qc3 Rg8 23. Rd1 Bb4 0-1

[Event "Abe Yanofsky mem"]
[Site "Winnipeg CAN"]
[Date "2003.08.31"]
[Round "5"]
[White "Kaptsan, Aron"]
[Black "Lipnowski, Michael"]
[Result "1/2-1/2"]
[WhiteElo "1993"]
[BlackElo "1972"]
[PlyCount "54"]
[EventDate "2003.08.29"]
[EventType "swiss"]
[EventRounds "6"]
[EventCountry "CAN"]

1. d4 Nf6 2. c4 e6 3. Nc3 d5 4. Bg5 c6 5. e3 Be7 6. Nf3 Nbd7 7. Qc2 O-O 8. Bd3
b6 9. O-O Bb7 10. Ne5 h6 11. Bh4 Rc8 12. cxd5 Nxd5 13. Nxd7 Qxd7 14. Bxe7 Qxe7
15. Nxd5 cxd5 16. Qd2 Qd7 17. Rfc1 Rxc1+ 18. Rxc1 Rc8 19. Rc3 Rxc3 20. Qxc3 Qc6
21. f3 Qxc3 22. bxc3 f6 23. Kf2 Kf7 24. Ke2 Ke7 25. Kd2 Kd6 26. Kc2 a5 27. Kb3
Bc6 1/2-1/2

[Event "Abe Yanofsky mem"]
[Site "Winnipeg CAN"]
[Date "2003.08.31"]
[Round "5"]
[White "Khedkar, Jay"]
[Black "Nikouline, Alexandre"]
[Result "1/2-1/2"]
[WhiteElo "1858"]
[BlackElo "1965"]
[PlyCount "80"]
[EventDate "2003.08.29"]
[EventType "swiss"]
[EventRounds "6"]
[EventCountry "CAN"]

1. e4 c5 2. Nf3 e6 3. d4 cxd4 4. Nxd4 a6 5. c4 Nf6 6. Nc3 Bb4 7. Bd3 Nc6 8.
Nxc6 Bxc3+ 9. bxc3 dxc6 10. e5 Nd7 11. Qe2 Qa5 12. O-O Qxe5 13. Be3 c5 14. f4
Qc7 15. Qg4 g6 16. Rae1 h5 17. Qd1 f5 18. Bf2 Kf7 19. Qe2 Nf6 20. Qe3 b6 21. h3
Re8 22. Bh4 Bb7 23. Bxf6 Kxf6 24. Qg3 Qc6 25. Re5 Rad8 26. Be2 Rh8 27. Bf3 Qc8
28. Bxb7 Qxb7 29. Rfe1 Rhe8 30. Qg5+ Kf7 31. Rxe6 Rxe6 32. Rxe6 Kxe6 33. Qxd8
Kf7 34. Kf2 Qe4 35. Qd5+ Qxd5 36. cxd5 b5 37. Ke3 h4 38. Kd3 Ke7 39. c4 Kd7 40.
a4 b4 1/2-1/2

[Event "Abe Yanofsky mem"]
[Site "Winnipeg CAN"]
[Date "2003.08.31"]
[Round "5"]
[White "Lipnowski, Irwin"]
[Black "Lipnowski, Samuel"]
[Result "1/2-1/2"]
[WhiteElo "2276"]
[BlackElo "2099"]
[PlyCount "37"]
[EventDate "2003.08.29"]
[EventType "swiss"]
[EventRounds "6"]
[EventCountry "CAN"]

1. Nf3 c5 2. e4 e6 3. d4 cxd4 4. Nxd4 a6 5. Bd3 Nf6 6. Qe2 d6 7. O-O Qc7 8. c4
g6 9. b3 Bg7 10. Bb2 O-O 11. Nc3 Nbd7 12. Rad1 b6 13. Kh1 Bb7 14. Bb1 Rfe8 15.
Qd2 Ng4 16. Nf3 Bf8 17. h3 Ngf6 18. Rfe1 Rad8 19. Qf4 1/2-1/2

[Event "Abe Yanofsky mem"]
[Site "Winnipeg CAN"]
[Date "2003.08.31"]
[Round "5"]
[White "Mu, Yuchen"]
[Black "Hughey, Micah"]
[Result "1/2-1/2"]
[WhiteElo "1878"]
[BlackElo "2112"]
[PlyCount "44"]
[EventDate "2003.08.29"]
[EventType "swiss"]
[EventRounds "6"]
[EventCountry "CAN"]

1. e4 e5 2. f4 Bc5 3. Nf3 d6 4. c3 Nf6 5. d4 exd4 6. cxd4 Bb4+ 7. Bd2 Bxd2+ 8.
Nbxd2 Qe7 9. Bd3 O-O 10. O-O Nd5 11. exd5 Qe3+ 12. Kh1 Qxd3 13. Qb3 Qxb3 14.
Nxb3 b6 15. Nh4 g6 16. Nd2 f5 17. Rfe1 Kf7 18. Re3 Re8 19. Rae1 Rxe3 20. Rxe3
Bb7 21. Ndf3 h6 22. Re6 Bxd5 1/2-1/2

[Event "Abe Yanofsky mem"]
[Site "Winnipeg CAN"]
[Date "2003.08.31"]
[Round "5"]
[White "Olafsson, Helgi"]
[Black "Haessel, Dale"]
[Result "1-0"]
[WhiteElo "2558"]
[BlackElo "2207"]
[PlyCount "93"]
[EventDate "2003.08.29"]
[EventType "swiss"]
[EventRounds "6"]
[EventCountry "CAN"]

1. Nf3 c5 2. b3 b6 3. Bb2 Bb7 4. e3 Nf6 5. Be2 e6 6. O-O Be7 7. c4 O-O 8. d4
cxd4 9. Nxd4 a6 10. Nc3 d6 11. f4 Nc6 12. Bf3 Qd7 13. Rc1 Rac8 14. a4 Rfd8 15.
Nxc6 Bxc6 16. e4 Qb7 17. Qe2 Ne8 18. Nd5 Bf8 19. Nb4 Bd7 20. Qd2 b5 21. e5 Qb6+
22. Bd4 Qa5 23. Bc3 Qb6+ 24. Bd4 Qa5 25. Bc3 Qb6+ 26. Kh1 dxe5 27. a5 Qa7 28.
fxe5 bxc4 29. bxc4 Be7 30. Qf4 f5 31. exf6 Bxf6 32. Bh5 Qc5 33. Bxe8 Rxe8 34.
Bxf6 gxf6 35. Qxf6 Rf8 36. Qc3 Rxf1+ 37. Rxf1 Qxc4 38. Qg3+ Kh8 39. Nd3 Qc3 40.
Qd6 Qg7 41. Qxa6 Rg8 42. Ne1 Qc3 43. Qd6 Bb5 44. Rg1 Qxa5 45. Qe5+ Rg7 46. Rf1
Qb4 47. Rf7 1-0

[Event "Abe Yanofsky mem"]
[Site "Winnipeg CAN"]
[Date "2003.08.31"]
[Round "5"]
[White "Sladek, Vaclav"]
[Black "Santelices, Philip"]
[Result "1-0"]
[WhiteElo "2071"]
[BlackElo "1560"]
[PlyCount "31"]
[EventDate "2003.08.29"]
[EventType "swiss"]
[EventRounds "6"]
[EventCountry "CAN"]

1. d4 e6 2. c4 c5 3. Nf3 cxd4 4. Nxd4 Nf6 5. Nc3 a6 6. g3 Nc6 7. Bg2 Bc5 8. Nc2
Qc7 9. O-O h5 10. Bf4 e5 11. Bg5 Ne7 12. b4 Bd4 13. Nxd4 Qxc4 14. Bxf6 gxf6 15.
Ne4 exd4 16. Nd6+ 1-0

[Event "Abe Yanofsky mem"]
[Site "Winnipeg CAN"]
[Date "2003.08.31"]
[Round "5"]
[White "Tang, Edward"]
[Black "Melamedoff, Gustavo"]
[Result "0-1"]
[WhiteElo "1984"]
[BlackElo "2207"]
[PlyCount "63"]
[EventDate "2003.08.29"]
[EventType "swiss"]
[EventRounds "6"]
[EventCountry "CAN"]

1. e4 c5 2. Nf3 e6 3. d4 cxd4 4. Nxd4 a6 5. Bd3 Nc6 6. Nxc6 bxc6 7. O-O d5 8.
Nc3 Bd6 9. Re1 Qc7 10. h3 d4 11. Ne2 e5 12. c3 dxc3 13. Nxc3 Nf6 14. Qf3 Be6
15. Qg3 Nh5 16. Qg5 g6 17. Qh4 h6 18. f4 exf4 19. e5 Qb6+ 20. Be3 Bc5 21. Bxc5
Qxc5+ 22. Kh2 Qe7 23. Qf2 O-O 24. Qc2 Qh4 25. Ne4 Bd5 26. Nf6+ Nxf6 27. Bxg6
Qg3+ 28. Kh1 Qxg6 29. Qxg6+ fxg6 30. exf6 Rxf6 31. Re7 Rf7 32. Re2 0-1

[Event "Abe Yanofsky mem"]
[Site "Winnipeg CAN"]
[Date "2003.09.01"]
[Round "6"]
[White "Babb, Jeff"]
[Black "Drake, Jason"]
[Result "0-1"]
[WhiteElo "2149"]
[BlackElo "2205"]
[PlyCount "82"]
[EventDate "2003.08.29"]
[EventType "swiss"]
[EventRounds "6"]
[EventCountry "CAN"]

1. e4 c5 2. Nc3 Nc6 3. g3 g6 4. Bg2 Bg7 5. d3 d6 6. Nh3 Nh6 7. f4 Bg4 8. Qd2 f6
9. Nf2 Bd7 10. O-O Nf7 11. Nd5 O-O 12. c3 e6 13. Ne3 f5 14. b3 Qa5 15. Bb2 b5
16. Rfd1 Rac8 17. exf5 gxf5 18. d4 cxd4 19. cxd4 Qxd2 20. Rxd2 d5 21. Rad1 Rc7
22. Nc2 a5 23. Nd3 Rfc8 24. Re2 Nd6 25. Nde1 b4 26. Rdd2 Na7 27. Nd3 Bb5 28.
Rxe6 Bxd3 29. Bxd5 Nf7 30. Ne3 Bb1 31. Bc4 Kf8 32. Ra6 Be4 33. Rxa5 Nc6 34. Ra6
Nd6 35. Bf1 Ra7 36. d5 Bxb2 37. Rxb2 Rxa6 38. dxc6 Raxc6 39. Rd2 Ke7 40. Bh3
Rc1+ 41. Kf2 Ra8 0-1

[Event "Abe Yanofsky mem"]
[Site "Winnipeg CAN"]
[Date "2003.09.01"]
[Round "6"]
[White "Baragar, Fletcher"]
[Black "Bisguier, Arthur"]
[Result "0-1"]
[WhiteElo "2265"]
[BlackElo "2297"]
[PlyCount "50"]
[EventDate "2003.08.29"]
[EventType "swiss"]
[EventRounds "6"]
[EventCountry "CAN"]

1. d4 Nf6 2. c4 e6 3. Nf3 d5 4. Nc3 c5 5. cxd5 Nxd5 6. e4 Nxc3 7. bxc3 cxd4 8.
cxd4 Nc6 9. Bc4 b5 10. Be2 Bb4+ 11. Bd2 Qa5 12. Bxb4 Qxb4+ 13. Qd2 Qxd2+ 14.
Kxd2 a6 15. Rhc1 Bb7 16. Ke3 O-O 17. Nd2 f5 18. Bf3 f4+ 19. Kd3 Rfd8 20. Nb3
Nxd4 21. Nxd4 e5 22. Rc7 Rxd4+ 23. Ke2 Bxe4 24. a4 Bd3+ 25. Ke1 bxa4 0-1

[Event "Abe Yanofsky mem"]
[Site "Winnipeg CAN"]
[Date "2003.09.01"]
[Round "6"]
[White "Boehmer, Kris"]
[Black "Mu, Yuchen"]
[Result "1/2-1/2"]
[WhiteElo "2172"]
[BlackElo "1878"]
[PlyCount "58"]
[EventDate "2003.08.29"]
[EventType "swiss"]
[EventRounds "6"]
[EventCountry "CAN"]

1. d4 Nf6 2. Nf3 g6 3. g3 Bg7 4. Bg2 O-O 5. O-O d6 6. c4 Nbd7 7. Nc3 e5 8. e4
a5 9. h3 exd4 10. Nxd4 Nc5 11. Be3 Re8 12. Qc2 h5 13. Rad1 Bd7 14. Bg5 Qc8 15.
Kh2 Nh7 16. Bf4 Bxd4 17. Rxd4 Ne6 18. Rd2 Nxf4 19. gxf4 Qd8 20. c5 dxc5 21.
Rfd1 Nf8 22. e5 Bf5 23. Qa4 Qh4 24. Nd5 Ne6 25. Nf6+ Kf8 26. Nxe8 Nxf4 27. Nf6
Bxh3 28. Qxf4 Qxf4+ 29. Kxh3 Qf5+ 1/2-1/2

[Event "Abe Yanofsky mem"]
[Site "Winnipeg CAN"]
[Date "2003.09.01"]
[Round "6"]
[White "Cleto, Sam"]
[Black "Kaptsan, Aron"]
[Result "1/2-1/2"]
[WhiteElo "1876"]
[BlackElo "1993"]
[PlyCount "68"]
[EventDate "2003.08.29"]
[EventType "swiss"]
[EventRounds "6"]
[EventCountry "CAN"]

1. Nf3 d5 2. d4 e6 3. c4 Nf6 4. Nc3 Bb4 5. a3 Bxc3+ 6. bxc3 O-O 7. c5 b6 8.
cxb6 cxb6 9. e3 Qc7 10. Bb2 Ba6 11. Bxa6 Nxa6 12. O-O Nb8 13. Ne5 Nc6 14. c4
Na5 15. cxd5 exd5 16. Rc1 Qb7 17. Qa4 Ne4 18. Bc3 Nxc3 19. Rxc3 Rac8 20. Rfc1
Rxc3 21. Rxc3 Rc8 22. h3 f6 23. Rxc8+ Qxc8 24. Nd3 Qc6 25. Qb4 Kf7 26. Nf4 g5
27. Nh5 Nc4 28. Qb1 a5 29. Qxh7+ Ke8 30. Qg8+ Kd7 31. Qf7+ Kc8 32. Nxf6 Nxa3
33. Nxd5 Kb8 34. Qf8+ Kb7 1/2-1/2

[Event "Abe Yanofsky mem"]
[Site "Winnipeg CAN"]
[Date "2003.09.01"]
[Round "6"]
[White "Deiseach, Donald"]
[Black "Khedkar, Jay"]
[Result "1-0"]
[WhiteElo "2122"]
[BlackElo "1858"]
[PlyCount "77"]
[EventDate "2003.08.29"]
[EventType "swiss"]
[EventRounds "6"]
[EventCountry "CAN"]

1. e4 e5 2. Nf3 Nc6 3. Bb5 a6 4. Ba4 Nf6 5. O-O Be7 6. Re1 b5 7. Bb3 d6 8. c3
O-O 9. h3 Na5 10. Bc2 c5 11. d4 Qc7 12. Nbd2 Bd7 13. Nf1 Rac8 14. Ne3 g6 15.
Bb1 Rfe8 16. Nd5 Nxd5 17. exd5 cxd4 18. cxd4 Bf6 19. dxe5 dxe5 20. Be4 Nc4 21.
Nd2 Nd6 22. b3 Bg7 23. Ba3 f5 24. Rc1 Qb8 25. Bb1 e4 26. Bc5 Be5 27. b4 Nf7 28.
Nf1 Bd6 29. Qb3 Ne5 30. Red1 Nc4 31. Bd4 Be5 32. a3 Bxd4 33. Rxd4 Qe5 34. Rcd1
e3 35. fxe3 Nxe3 36. d6+ Rc4 37. Nxe3 Qxe3+ 38. Qxe3 Rxe3 39. Ba2 1-0

[Event "Abe Yanofsky mem"]
[Site "Winnipeg CAN"]
[Date "2003.09.01"]
[Round "6"]
[White "Eschbach, Ralph"]
[Black "Hinds, Ronald"]
[Result "1/2-1/2"]
[WhiteElo "1861"]
[BlackElo "1988"]
[PlyCount "32"]
[EventDate "2003.08.29"]
[EventType "swiss"]
[EventRounds "6"]
[EventCountry "CAN"]

1. d4 Nf6 2. c4 g6 3. Nc3 d5 4. cxd5 Nxd5 5. e4 Nxc3 6. bxc3 Bg7 7. Bc4 O-O 8.
Ne2 c5 9. O-O Nc6 10. Be3 cxd4 11. cxd4 Bg4 12. d5 Na5 13. Rc1 e6 14. f3 Nxc4
15. Rxc4 exd5 16. Qxd5 Be6 1/2-1/2

[Event "Abe Yanofsky mem"]
[Site "Winnipeg CAN"]
[Date "2003.09.01"]
[Round "6"]
[White "Gustafson, Dale"]
[Black "Santelices, Philip"]
[Result "0-1"]
[WhiteElo "2040"]
[BlackElo "1560"]
[PlyCount "54"]
[EventDate "2003.08.29"]
[EventType "swiss"]
[EventRounds "6"]
[EventCountry "CAN"]

1. e4 c5 2. c3 g6 3. d4 b6 4. Nf3 Bg7 5. Bc4 e6 6. Be3 Qc7 7. d5 Nf6 8. d6 Qb7
9. e5 Ng4 10. O-O O-O 11. Qd2 Nxe5 12. Nxe5 Bxe5 13. Bh6 Bg7 14. Bxg7 Kxg7 15.
Na3 a6 16. Be2 Nc6 17. Bf3 Qb8 18. Rfe1 Bb7 19. Rad1 f6 20. Nc4 Qd8 21. Qe3 Rb8
22. h4 b5 23. Nd2 c4 24. h5 Ne5 25. h6+ Kg8 26. Be2 Bd5 27. Ne4 Qb6 0-1

[Event "Abe Yanofsky mem"]
[Site "Winnipeg CAN"]
[Date "2003.09.01"]
[Round "6"]
[White "Haessel, Dale"]
[Black "Sladek, Vaclav"]
[Result "1-0"]
[WhiteElo "2207"]
[BlackElo "2071"]
[PlyCount "67"]
[EventDate "2003.08.29"]
[EventType "swiss"]
[EventRounds "6"]
[EventCountry "CAN"]

1. c4 e5 2. g3 Nc6 3. Bg2 d6 4. Nc3 Be6 5. d3 Qd7 6. b4 g6 7. b5 Nd8 8. Bd2 Bg7
9. e4 Ne7 10. Nge2 Bh3 11. O-O Bxg2 12. Kxg2 O-O 13. f4 f5 14. fxe5 dxe5 15.
Qc2 Ne6 16. Rad1 Rf7 17. Nd5 c6 18. bxc6 bxc6 19. Nxe7+ Qxe7 20. Be3 Raf8 21.
exf5 gxf5 22. Qd2 Qc7 23. Bh6 f4 24. Bxg7 Rxg7 25. Nc3 Nd4 26. Kh1 fxg3 27.
Rxf8+ Kxf8 28. Rf1+ Kg8 29. hxg3 Qd7 30. Kg2 Ne6 31. Ne4 Qe7 32. Kh2 Ng5 33.
Nxg5 Rxg5 34. Qe3 1-0

[Event "Abe Yanofsky mem"]
[Site "Winnipeg CAN"]
[Date "2003.09.01"]
[Round "6"]
[White "Hildebrandt, Peter"]
[Black "Hellsten, Ole"]
[Result "0-1"]
[WhiteElo "1538"]
[BlackElo "2006"]
[PlyCount "46"]
[EventDate "2003.08.29"]
[EventType "swiss"]
[EventRounds "6"]
[EventCountry "CAN"]

1. e4 e6 2. d4 d5 3. e5 c5 4. c3 Nc6 5. Nf3 Bd7 6. Be2 Qb6 7. b3 cxd4 8. cxd4
Bb4+ 9. Kf1 f6 10. Bb2 fxe5 11. dxe5 Nh6 12. Nc3 Ng4 13. Qe1 O-O 14. h3 Ngxe5
15. Na4 Bxe1 16. Nxb6 axb6 17. Bxe5 Bb4 18. Bd3 Bc5 19. a4 Nxe5 20. Nxe5 Rxf2+
21. Ke1 Bc6 22. g3 Raf8 23. Rc1 Bb4+ 0-1

[Event "Abe Yanofsky mem"]
[Site "Winnipeg CAN"]
[Date "2003.09.01"]
[Round "6"]
[White "Hughey, Micah"]
[Black "Lipnowski, Irwin"]
[Result "1/2-1/2"]
[WhiteElo "2112"]
[BlackElo "2276"]
[PlyCount "48"]
[EventDate "2003.08.29"]
[EventType "swiss"]
[EventRounds "6"]
[EventCountry "CAN"]

1. e4 c5 2. c3 d5 3. exd5 Qxd5 4. d4 e6 5. Nf3 Nf6 6. Be3 cxd4 7. cxd4 Bb4+ 8.
Nc3 Qa5 9. Qb3 Nc6 10. a3 O-O 11. Rc1 Be7 12. Bc4 Qd8 13. Qa2 Na5 14. Be2 b6
15. b4 Nc6 16. O-O Bb7 17. Rfd1 Rc8 18. Ne5 Nxe5 19. dxe5 Nd5 20. Nxd5 Bxd5 21.
Qb2 Rxc1 22. Rxc1 Qa8 23. f3 Rc8 24. Ba6 Rxc1+ 1/2-1/2

[Event "Abe Yanofsky mem"]
[Site "Winnipeg CAN"]
[Date "2003.09.01"]
[Round "6"]
[White "Melamedoff, Gustavo"]
[Black "Greenberg, Harley"]
[Result "1-0"]
[WhiteElo "2207"]
[BlackElo "1851"]
[PlyCount "101"]
[EventDate "2003.08.29"]
[EventType "swiss"]
[EventRounds "6"]
[EventCountry "CAN"]

1. e4 c5 2. Nf3 Nc6 3. Bb5 g6 4. O-O Bg7 5. Bxc6 dxc6 6. Qe2 e5 7. d3 Ne7 8.
Be3 b6 9. Nbd2 O-O 10. a4 f6 11. a5 Be6 12. Ra3 Qd6 13. Rfa1 Rab8 14. axb6 axb6
15. Nc4 Qd8 16. b3 Nc8 17. Ra6 Nd6 18. Nxd6 Qxd6 19. Ra7 Rfd8 20. Nd2 b5 21. g3
f5 22. f4 Rd7 23. Qf2 exf4 24. Bxf4 Bd4 25. Bxd6 Bxf2+ 26. Kxf2 Rxd6 27. Re7
Bf7 28. Raa7 Rf8 29. e5 Re6 30. Nf3 Rxe7 31. Rxe7 Re8 32. Rxe8+ Bxe8 33. Ng5 h6
34. Ne6 c4 35. bxc4 bxc4 36. d4 Bf7 37. Nc5 Bd5 38. Ke3 g5 39. h4 Kf7 40. hxg5
hxg5 41. Nd7 Kg7 42. Nf6 Bf7 43. Kd2 Kg6 44. Kc3 Bd5 45. Ne8 Kf7 46. Nd6+ Kg6
47. Nxc4 Bxc4 48. Kxc4 f4 49. gxf4 g4 50. Kd3 g3 51. Ke3 1-0

[Event "Abe Yanofsky mem"]
[Site "Winnipeg CAN"]
[Date "2003.09.01"]
[Round "6"]
[White "Nikouline, Alexandre"]
[Black "Tang, Edward"]
[Result "0-1"]
[WhiteElo "1965"]
[BlackElo "1984"]
[PlyCount "98"]
[EventDate "2003.08.29"]
[EventType "swiss"]
[EventRounds "6"]
[EventCountry "CAN"]

1. e4 c5 2. Nf3 d6 3. d4 cxd4 4. Nxd4 Nf6 5. Nc3 g6 6. Be3 Bg7 7. f3 Nc6 8. Qd2
O-O 9. Bc4 Bd7 10. O-O-O Ne5 11. Be2 Qa5 12. Kb1 Rfc8 13. h4 Nc4 14. Bxc4 Rxc4
15. Nb3 Qc7 16. Bd4 Be6 17. g4 a5 18. g5 Nh5 19. Bxg7 Kxg7 20. Nd5 Bxd5 21.
exd5 a4 22. Nd4 Rc8 23. Rhe1 Rc5 24. Qe3 Rxd5 25. c4 Re5 26. Qd2 Qxc4 27. f4
Rxe1 28. Rxe1 e6 29. Ne2 Qe4+ 30. Ka1 Rc2 31. Nc3 Rxd2 32. Nxe4 Rd4 33. Kb1
Nxf4 34. Nf6 Nh5 35. Ne8+ Kf8 36. Nc7 Rxh4 37. Nb5 Ke7 38. Rc1 e5 39. Rc7+ Ke6
40. Rxb7 f5 41. Rxh7 f4 42. b4 axb3 43. a4 f3 44. a5 e4 45. Nc7+ Ke5 46. Re7+
Kd4 47. Nb5+ Kd3 48. Rd7 f2 49. Rxd6+ Kc4 0-1

[Event "Abe Yanofsky mem"]
[Site "Winnipeg CAN"]
[Date "2003.09.01"]
[Round "6"]
[White "Penner, Wesley"]
[Black "Lipnowski, Michael"]
[Result "0-1"]
[WhiteElo "1749"]
[BlackElo "1972"]
[PlyCount "104"]
[EventDate "2003.08.29"]
[EventType "swiss"]
[EventRounds "6"]
[EventCountry "CAN"]

1. d4 Nf6 2. c4 c5 3. d5 e6 4. Nc3 exd5 5. cxd5 d6 6. e4 g6 7. Nf3 Bg7 8. Be2
O-O 9. O-O Re8 10. Qc2 a6 11. Bg5 b5 12. Nd2 Qc7 13. Rae1 Nbd7 14. f4 Bb7 15.
Bf3 Nb6 16. Re2 c4 17. Rfe1 Nfd7 18. f5 Ne5 19. f6 Bh8 20. Rf1 Nbd7 21. h4 Nxf6
22. h5 Nfd7 23. g4 Nc5 24. hxg6 hxg6 25. Rh2 Bg7 26. Bd1 Bc8 27. Rh4 Bd7 28.
Rf2 Ncd3 29. Rfh2 Ne1 30. Qb1 b4 31. Be2 bxc3 32. Qxe1 cxb2 33. Qf1 f5 34. gxf5
gxf5 35. Bh6 Re7 36. Qg2 Ng4 37. Bxg7 Rxg7 38. Rh8+ Kf7 39. exf5 Rxh8 40. Bxg4
Rxh2 41. Kxh2 Rh7+ 42. Kg3 Rg7 43. Qe4 Qc5 44. Kf4 Qg1 45. Bh5+ Kg8 46. Qf3
Qg5+ 47. Ke4 Re7+ 48. Kd4 Qxd2+ 49. Kxc4 Qc2+ 50. Kd4 Qc5+ 51. Kd3 Bxf5+ 52.
Kd2 Qc1# 0-1

[Event "Abe Yanofsky mem"]
[Site "Winnipeg CAN"]
[Date "2003.09.01"]
[Round "6"]
[White "Prystenski, Arthur"]
[Black "Lipnowski, Samuel"]
[Result "0-1"]
[WhiteElo "2225"]
[BlackElo "2099"]
[PlyCount "88"]
[EventDate "2003.08.29"]
[EventType "swiss"]
[EventRounds "6"]
[EventCountry "CAN"]

1. d4 d5 2. Nf3 c6 3. g3 Nf6 4. Bg2 Bg4 5. c4 e6 6. O-O Nbd7 7. Nc3 dxc4 8. a4
a5 9. e4 Nb6 10. Be3 Bb4 11. Qc2 Bxf3 12. Bxf3 O-O 13. Rfd1 Qc7 14. Be2 Rfd8
15. f3 h6 16. Rac1 Nfd7 17. Na2 Bd6 18. Kg2 e5 19. Bxc4 Nxc4 20. Qxc4 exd4 21.
Bxd4 Be5 22. f4 Bxd4 23. Rxd4 Nb6 24. Rxd8+ Rxd8 25. Qc2 Qd6 26. Nc3 Nc4 27.
Kh1 Qd2 28. b3 Ne3 29. Qxd2 Rxd2 30. h3 Kf8 31. g4 f6 32. Re1 Rd3 33. Rc1 Ke7
34. e5 fxe5 35. fxe5 Ke6 36. Ne4 Kxe5 37. Nc5 Rd2 38. Nxb7 Kf4 39. Rc3 Nd1 40.
Rxc6 Kg3 41. Rc1 Rh2+ 42. Kg1 Rg2+ 43. Kf1 Ne3+ 44. Ke1 Kf3 0-1

[Event "Abe Yanofsky mem"]
[Site "Winnipeg CAN"]
[Date "2003.09.01"]
[Round "6"]
[White "Regimbald, Adrien"]
[Black "Vincent, Trevor"]
[Result "0-1"]
[WhiteElo "1847"]
[BlackElo "2044"]
[PlyCount "74"]
[EventDate "2003.08.29"]
[EventType "swiss"]
[EventRounds "6"]
[EventCountry "CAN"]

1. c4 e5 2. Nc3 Nc6 3. Nf3 g6 4. d4 Bg7 5. d5 Nce7 6. e4 d6 7. Be2 f5 8. O-O
Nf6 9. Re1 O-O 10. Bf1 f4 11. b4 h6 12. a4 g5 13. c5 Ng6 14. Ba3 g4 15. Nd2 g3
16. fxg3 Ng4 17. Nf3 h5 18. Ra2 h4 19. Bc1 hxg3 20. h3 Nf2 21. Qe2 Bg4 22. Nd1
Bxf3 23. Qxf3 Nh4 24. Qc3 Nxh3+ 25. gxh3 f3 26. Kh1 f2 27. Nxf2 gxf2 28. Ree2
Rf3 29. Qd2 Qd7 30. Rxf2 Raf8 31. Qe1 Rxh3+ 32. Bxh3 Qxh3+ 33. Kg1 Nf3+ 34.
Rxf3 Rxf3 35. Rg2 Rd3 36. Qf1 Rd4 37. Qe2 Rxb4 0-1